Bhartiye sangeet: vegyanic vishleshan (Record no. 1715362)

MARC details
000 -LEADER
fixed length control field 00474nam a22001697a 4500
005 - DATE AND TIME OF LATEST TRANSACTION
control field 20260313140256.0
008 - FIXED-LENGTH DATA ELEMENTS--GENERAL INFORMATION
fixed length control field 260313b |||||||| |||| 00| 0 eng d
037 ## - SOURCE OF ACQUISITION
Terms of availability Textbook
040 ## - CATALOGING SOURCE
Original cataloging agency FMUL
Transcribing agency FMUL
084 ## - COLON CLASSIFICATION NUMBER
Classification number NR44,1 Q3;25
Assigning agency FMUL
100 ## - MAIN ENTRY--PERSONAL NAME
Personal name Sharma, swatanter
9 (RLIN) 1131965
245 ## - TITLE STATEMENT
Title Bhartiye sangeet: vegyanic vishleshan
260 ## - PUBLICATION, DISTRIBUTION, ETC.
Place of publication, distribution, etc. Allahabad
Name of publisher, distributor, etc. Anubhav pub. house
Date of publication, distribution, etc. 2013
300 ## - PHYSICAL DESCRIPTION
Extent 392 p.
650 ## - SUBJECT ADDED ENTRY--TOPICAL TERM
Topical term or geographic name entry element FMUL
942 ## - ADDED ENTRY ELEMENTS (KOHA)
Source of classification or shelving scheme Colon Classification (CC)
Koha item type Textbook
Classification part NR44,1 Q3;25
Suppress in OPAC No
Holdings
Withdrawn status Lost status Source of classification or shelving scheme Damaged status Not for loan Home library Current library Date acquired Total Checkouts Full call number Barcode Date last seen Price effective from Koha item type
    Colon Classification (CC)     Department of Music Library Department of Music Library 2026-03-13   NR44,1 Q3;25 MU0017262 2026-03-13 2026-03-13 Textbook
    Colon Classification (CC)     Department of Music Library Department of Music Library 2026-03-13   NR44,1 Q3;26 MU0017263 2026-03-13 2026-03-13 Textbook
    Colon Classification (CC)     Department of Music Library Department of Music Library 2026-03-13   NR44,1 Q3;27 MU0017264 2026-03-13 2026-03-13 Textbook
    Colon Classification (CC)     Department of Music Library Department of Music Library 2026-03-13   NR44,1 Q3;28 MU0017265 2026-03-13 2026-03-13 Textbook
Copyright @ Delhi University Library System